Ciencias naturales : segundo grado.
Saved in:
| Corporate Author: | |
|---|---|
| Format: | Book |
| Language: | Spanish |
| Published: |
México :
SEP. Comisión Nacional de los libros de texto gratuito,
1978.
|
| Edition: | 7a. ed. |
| Textbook Catalogue: | MANES: Library Catalog Search Result |
| Textbook Classification: |
|
| Tags: |
Add Tag
No Tags, Be the first to tag this record!
|
| Added to: | 2005-10-16 |
| Changed in: | 2025-05-08 |
MARC
| LEADER | 00000cam a2200000 a 4500 | ||
|---|---|---|---|
| 003 | OSt | ||
| 005 | 20250508092035.0 | ||
| 008 | 051017n1978 mx f 000 0 spa d | ||
| 040 | |a CINV |c CINV | ||
| 050 | 0 | 4 | |a LTG LB1585 |b M49 2º 1978 |
| 051 | 0 | 4 | |a LTG LB1585-M49 2º 1978 |
| 110 | 2 | |a México. |b Comisión Nacional de los Libros de Texto Gratuitos. | |
| 245 | 0 | 0 | |a Ciencias naturales : |b segundo grado. |
| 250 | |a 7a. ed. | ||
| 260 | |a México : |b SEP. Comisión Nacional de los libros de texto gratuito, |c 1978. | ||
| 300 | |a 95 p. ; |c 26 cm. | ||
| 500 | |a "Libro de texto gratutios" | ||
| 546 | |a México | ||
| 561 | |5 mx-CINVES |a México. DIE-Cinvestav (Ciudad de México) |k MANES | ||
| 691 | 0 | |a PRI | |
| 910 | |a E-7320 |b Don-2004. | ||
| 911 | |a E-7320 | ||
| 942 | |2 ddc |c BK | ||
| 999 | |c 54868 |d 54868 | ||
| 999 | |c manes:54868 |d 54868 | ||